000
00238nam a2200097Ia 4500
008
220204s9999 xx 000 0 und d
082
_a
82-3
_b
GAR
100
_a
Gardner, Erle Stanley
245
0
_a
Case of the queenly contestant
942
_c
BK
999
_c
32258
_d
32258